00562cam a2200181 a 450000100100000000500170001000800410002704000250006808200200009310000250011324500620013826000510020030000210025150400320027265000130030465000150031771000480033200000258220200929150222.0830622s1981 ho b 001 0 spa  aDO-SdBNPbspacBNPHU a808.51bP348ó1 aPaz Barnica, Edgardo13aLa oratoria y su función social /cEdgardo Paz Barnica. aTegucigalpa, Honduras :bUniversitaria,c1981. a617 p. ;c21 cm. aBibliografía: p. 601-617. 4aOratoria 4aRetórica2 aUniversidad Nacional Autónoma de Honduras